000
00316nam a2200121Ia 4500
008
191206s9999 xx 000 0 und d
020
_a
0816411999 :
245
0
_a
Christian prayer
260
_a
Seabury Press
260
_c
cc1976
300
_a
120 p. ; 22 cm.
999
_c
17369
_d
17369